Регионална библиотека "Любен Каравелов" - Русе

Добре дошли в лагер Кошмар (Запис номер 89971)

MARC детайли
000 -Лидер
Контролно поле с фиксирана дължина 01519nam a2200361 c 4500
003 - Код на организацията, давaща контролен номер
Контролно поле BLK
005 - Дата и час на последна редакция
Контролно поле 20240912115126.0
008 - Елементи от данни с фиксирана дължина
fixed length control field 180408b bul|||||r ||||||| ||bul||
010 ## - Наследен системен номер
LC control number KNG00094694000
020 ## - Международен стандартен номер на книга ISBN
Международен стандартен номер на книга ISBN 978-954-92263-3-1
-- издат.: Агенция Ню импрес
040 ## - Източник на каталожния запис
Идентификатор на билиотеката - собственик на записа BLK
041 ## - Код за език
Код за езика на текст/звукозапис или на отделно заглавие Български
Код за езика КДБФ Български
080 ## - УДК
Текстов определител УДК Американска литература (на САЩ)
УДК код - определител по УДК 821.111(73)
УДК определител -93-322.4
УДК - код + определител 821.111(73)-93-322.4
100 1# - Редна дума - Автор
Автор Стайн, Робърт Лорънс
Авторска отговорност първи автор
R(LIN) 369934
139 ## - Редно поле
Редна дума Стайн, Робърт Лорънс
Авторски знак Стаи - С 62
245 10 - Сведения за заглавието
Заглавие Добре дошли в лагер Кошмар
Подзаглавни данни Забавен трилър за деца
Редно поле (дума) Робърт Лорънс Стайн; прев. Елена Методиева Щерева.
257 ## - Страна на издаване
Страна на създаване/издаване Съединени американски щати
260 ## - Област на издателските данни
-- София
Име на издателя, разпространителя и проч. Агенция Ню импрес
Година на издаване 2009
Печатница София : Симолини-94
300 ## - Физическа характеристика
Страници 159 с.
Размери/Мащаб 20 см
380 ## - Жанр
Жанр Детска худож. лит.
490 1# - СЕРИИ (Колекции)
Име на серия Поредица Goosebumps
500 ## - Общи забележки
Забележка Ориг. загл. Welcome to Camp Nighmare.
653 ## - Ключова дума – ненормативна
Ключова дума литература за деца
653 ## - Ключова дума – ненормативна
Ключова дума детска литература
653 ## - Ключова дума – ненормативна
Ключова дума трилъри
700 1# - Други автори (авторска отговорност)
Лично име Щерева, Елена Методиева
Автороска отговорност (Описва отношението между автора и произведението) прев.
9 (RLIN) 302989
852 ## - Местоположение
Форматна сигнатура Цб 247346
856 4# - Електронен адрес и достъп
Електронен формат pdf - файл
Път до файла /url/
856 4# - Електронен адрес и достъп
Електронен формат pdf - файл
Път до файла /url/
942 ## - АРТИКУЛИ
Вид на библиотечния материал Книги
Скрит в OPAC Не
Koha issues (borrowed), all copies 13
944 ## - СЪЗДАВАНЕ И РЕДАКЦИЯ на ЗАПИСА
Създаване/Редакция Създаване
Дата на регистрацията/редакция 04.03.2010
Статус, дата на статуса Грета Цуфелде
Служител, извършил регистрацията/редакцията 30537
944 ## - СЪЗДАВАНЕ И РЕДАКЦИЯ на ЗАПИСА
Създаване/Редакция Редакция
Дата на регистрацията/редакция 28.11.2016
Статус, дата на статуса ф /
Служител, извършил регистрацията/редакцията Виолета_Тройчева
999 ## - СИСТЕМНИ КОНТРОЛНИ НОМЕРА
Koha biblionumber 89971
Koha biblioitemnumber 89971
Наличности
Код за отписване Код за изгубен артикул Код за повреда Коз за рестрикции Код за отдаване Артикулен № Име на библиотеката - собственик Име на библиотеката, в която се намира в момента Статус (Текущо местоположение) Дата на вписване в системата Местоположение - отдел Цена в лева Инвентарен номер Систематично азбучна сигнатура Баркод Номер на екземпляра Цена в евро Служебна бележка Служебен тип на артикула
  Не е изгубен Не е повреден без рестрикции ползва се в читалня 145525 Регионална библиотека "Любен Каравелов" Русе Регионална библиотека "Любен Каравелов" Русе Хранилище 2010-03-02 Хранилище 6.90 120000742570 Цб 247346 120000742570 1 3.53 Дост: Dp Вид: Д N: 36 Дата: 26.08.2009 Книги
  Не е изгубен Не е повреден без рестрикции заемане за дома 145526 Регионална библиотека "Любен Каравелов" Русе Регионална библиотека "Любен Каравелов" Русе Детски отдел 2011-04-08 Детски отдел 6.90 120000750286 ДХ 820/899/С 62 120000750286 2 3.53 Дост: Pk Вид: Ф N: 127 Дата: 01.04.2011 Дата инв: 26.08.2015 Бележки инв: Д2015 Книги
Vip Innovations Ltd, Rousse, Bulgaria 2025